000 00507nam a2200205Ia 4500
003 OSt
005 20230508113240.0
008 210423s2010 xx 000 0 und d
020 _a9788184894141
040 _cAL
041 _aeng
082 _a539.7 GREW
_223
100 _aGREINER (Walter);MARUHN (Joachim A).
_999869
245 _aNuclear models.
260 _aNew Delhi
_bSpringer Verlag
_c2010
300 _axvi,375
_bPB
365 _b695
_cINR
906 _amodels. ; Nuclear
942 _2ddc
_cBK
999 _c162459
_d162459